000 00787nam a22002297a 4500
003 UA-OsUOA
001 52390
007 ta
008 20150604b un ||||| |||| 00| 0 ukr d
090 _a050.9
_bЮ14
942 _cBK
040 _aUA-OsUOA
_bukr
_cUA-OsUOA
_dUA-OsUOA
245 _aЮвілейна книга "Нового шляху" 1930-1955
300 _a320 с.
955 _a1
041 _aukr
080 _a050.9
260 _aВінніпег
_c1956
650 7 _a050 Серійні публікації. Періодика галузі, Організація та інші типи поєднання (співробітництва)
_2UDC
999 _c432514
_d432514